| 000 | 01268cam a2200361 a 4500 | ||
|---|---|---|---|
| 001 | 670448 | ||
| 003 | OSt | ||
| 005 | 20140310181635.0 | ||
| 008 | 950404s1995 enk b 001 0 eng | ||
| 010 | _a 95010788 | ||
| 020 | _a0335193846 (hbk.) | ||
| 020 | _a0335193838 (pbk.) | ||
| 040 |
_aDLC _cDLC _dDLC |
||
| 043 | _ae-uk--- | ||
| 050 | 0 | 0 |
_aLB 3056 _b.G7158 1995 |
| 082 | 0 | 0 |
_aTR 372.12 _bG71 1995 |
| 100 |
_aGipps, Caroline _9347 |
||
| 245 | 0 | 0 |
_aIntuition or evidence? : _bteachers and national assessment of seven year olds / _cCaroline Gipps ... [et al.]. |
| 260 |
_aBuckingham ; _aBristol, PA : _bOpen University Press, _cc1995. |
||
| 300 |
_a206 p. ; _c23 cm. |
||
| 440 | 0 |
_aAssessing assessment _9348 |
|
| 500 | _aIncludes bibliographical references and index. | ||
| 521 | _aFaculty | ||
| 541 | _j1 | ||
| 562 | _e1 | ||
| 650 | 0 |
_aEducational tests and measurements _zGreat Britain. _9349 |
|
| 650 | 0 |
_aStudents _xRating of _zGreat Britain. _9350 |
|
| 650 | 0 |
_aEducation, Elementary _zGreat Britain _xEvaluation. _9351 |
|
| 700 | 1 |
_aGipps, C. V. _9352 |
|
| 906 |
_a7 _bcbc _corignew _d1 _eocip _f19 _gy-gencatlg |
||
| 942 |
_2lcc _cBK-TR _kTR |
||
| 999 |
_c677 _d677 |
||